Rural transformation and political violence in Colombia 1953 - 1990. (Registro nro. 20897)
[ vista simple ]
| 000 -CABECERA | |
|---|---|
| Campo de control | 00689nam a22001937a 4500 |
| 005 - FECHA Y HORA DE LA ULTIMA TRANSACCION | |
| Campo de control | 20200304103906.0 |
| 008 - ELEMENTOS DE LONGITUD FIJA—INFORMACION GENERAL | |
| Campo de control | 200304b xxu||||| |||| 00| 0 spa d |
| 040 ## - FUENTE DE CATALOGACIÓN | |
| Agencia catalogadora original | CO-BoIAVH |
| Agencia transcriptora | CO-BoIAVH |
| 041 ## - IDIOMA | |
| Código de idioma para texto/pista de sonido o título separado | Inglés |
| 044 ## - PAÍS DE PUBLICACIÓN | |
| País de publicación | Estados Unidos |
| 100 ## - ASIENTO PRINCIPAL--NOMBRE PERSONAL | |
| 9 (RLIN) | 102778 |
| Nombre personal | Romero Mauricio |
| 245 ## - MENCION DE TITULO | |
| Título | Rural transformation and political violence in Colombia 1953 - 1990. |
| Parte restante del título | A comparative study of intra-regional change in a non-exporting zone. |
| 260 ## - PUBLICACION, DISTRIBUCION, ETC. (PIE DE IMPRENTA) | |
| Lugar de publicación, distribución, etc. | s.l.: |
| Nombre del editor, distribuidor, etc. | Center for Studies of Social Change, |
| Fecha de publicación, distribución, etc. | 1994. |
| 300 ## - DESCRIPCION FISICA | |
| Extensión | 50 Páginas: |
| Otros detalles físicos | mapas, |
| Dimensiones | 22 x 28 cm. |
| 650 #0 - ASIENTO SECUNDARIO DE MATERIA - TERMINO TEMATICO | |
| 9 (RLIN) | 18352 |
| Término temático o nombre geográfico como elemento de entrada | Exportaciones |
| 650 #0 - ASIENTO SECUNDARIO DE MATERIA - TERMINO TEMATICO | |
| 9 (RLIN) | 51710 |
| Término temático o nombre geográfico como elemento de entrada | Agricultura |
| Subdivisión general | Aspectos económicos. |
| 650 #0 - ASIENTO SECUNDARIO DE MATERIA - TERMINO TEMATICO | |
| 9 (RLIN) | 5609 |
| Término temático o nombre geográfico como elemento de entrada | Normatividad |
| 942 ## - ELEMENTOS ADICIONALES (KOHA) | |
| Sistema de clasificación | Dewey Decimal Classification |
| Tipo de ítem | Informe Técnico |
| Withdrawn status | Lost status | Sistema de Clasificación | Damaged status | No para préstamo | Colección | Ubicación Permanente | Ubicación actual | Fecha de adquisición | Total Checkouts | Número topográfico | Inventario / Código de Barras | Date last seen | Ejemplar | Price effective from | Forma de adquisición | Tipo de material |
|---|---|---|---|---|---|---|---|---|---|---|---|---|---|---|---|---|
| Dewey Decimal Classification | General | Bogotá | Bogotá | 04/03/2020 | LB-5925 | 044241 | 04/03/2020 | Ej.1 | 04/03/2020 | Donación | Informe Técnico |